000 00722nam a22002297a 4500
003 OSt
005 20140310184524.0
008 131019t xxu||||| |||| 00| 0 eng d
020 _a0439560039
050 _aPZ 7
_b.J76h7 2004
100 _aJones, Marcia Thornton.
_94140
245 _aHide-and-spook /
_cby Marcia Thorton Jones and Debbie Dadey ; illustrated by Jeremy Tugeau ; cover illustration by Guy Francis
260 _aNew York :
_bScholastic Inc.,
_c2004.
300 _a86 p. :
_bill. ;
_c19 cm.
490 _aGhostville elementary
_v7
521 _aG3
526 _c560
600 _aDadey, Debbie.
_94137
650 _aFiction
_xJuvenile literature.
_930083
942 _2lcc
_cBK-SCHOLAS
999 _c35087
_d35087